000 00612nam a22001937a 4500
999 _c165548
_d165548
005 20190621152004.0
010 _aENG-125707
020 _a9789352806966
_c795.00
035 _aEN-109239
037 _bDBAD/PUB
082 _a657
100 _aBatra, Jai Kumar
245 _aAccounting and finance for non-finance managers /
_cby Jai Kumar Batra
260 _aNew Delhi
_bSage Publications
_c2019
270 _aB1/1-1, Mohan Cooperative Industrial Area
_bMathura Road,New Delhi
_e110044
300 _avarious paging.
_c24cm(pbk)
500 _aIncludes index
942 _2ddc
_cEN
_h657
_mBAT